00937njm a2200277Ia 450000100060000000300090000600500170001500800410003204000130007304000130008604100120009910000080011110000180011910000380013724500240017525000110019926000110021026000640022130000100028530000290029550000170032450501480034165000460048970000720053570000520060761910IT-RoPAU20220918181151.0131025s9999 xx 000 0 und d aIT-RoPAU cIT-RoPAU aINGLESE aU2  eAutore musica gCodice autore musica SPICS: 13123 aWar-U2 (Ilps 19733) a1a ed. aLONDON bISLAND RECORDSc1983 [1a Ed.:1983 - Ed. Lingua Orig.: 1983] aDISCO c45 minuti (Testo: pag.) aMusica rock. aSunday Bloody Sunday - Seconds - New Year's Day - Drowning Man * Surrender - The Like A Song - The Refugee - "40" - Two Hearts Beat - Red Light aROCK [DISCHI]eCodice MATERIA SPICS: 9950 aU2 eAutore testo e musicagCodice autore testo/musica SPICS: 13123 aU2 gCodice interprete SPICS: 13123einterprete